000 02762nkm0a2200481 4500
001 RU\NLR\DIGIT\525852
005 20260112124849.0
010 _d2 р.50 к.
_95000 экз.
020 _aRU
_b725
_9ЛЕНИНГРАД В ВЕЛИКОЙ ОТЕЧЕСТВЕННОЙ ВОЙНЕ: Печать Ленинграда, 1941 - 1945: каталог изданий, хранящихся в фондах Государственной Публичной библиотеки, вып.2. Листовки,плакаты,открытки,альбомы/Гос.публ.б-ка им.М.Е.Салтыкова-Щедрина. - Ленинград,1972
035 _a(NLR Aleph) 010459996
090 _a78137
_c78137
100 _a20140813d1942 m y0rusy50 ca
101 0 _arus
102 _aRU
116 _adiycxx zz ad
135 _acrcn 024anaba
200 1 _aПодвиг красноармейца Середы. Исключительную отвагу и находчивость проявил в бою красноармеец Середа...
_e[Плакат]
_fХудож. М.Н. Бубнов
210 _aМ.-Л.
_cИскусство
_d1942
_aМосква
215 _a1 л.
_d38x47 см
325 _aКопия доступна в Электрон. б-ке РНБ http://vivaldi.nlr.ru/la000070066/view
327 _aСоветские воины захватили немецкий танк
517 1 _aИсключительную отвагу и находчивость проявил в бою красноармеец Середа...
540 1 _aИсключительную отвагу и находчивость проявил в бою красноармеец Середа...
606 1 _aБлокада Ленинграда
_z1941 - 1944
_jПлакаты
_2nlr_sh1
_2nlr_sh2
_3RU\NLR\AUTH\661253360
608 _aПлакаты общественно-политические
610 0 _aПлакаты
702 1 _aБубнов
_bМ.Н.
_4040
801 2 _aRU
_bNLR
_c20140813
_2rusmarc
852 _aNLR
_bЛ3-310 п
_j28/1-9
852 0 0 _aNLR
_bЭ
_jПлИр995/3-4
_mЭ029920
852 0 0 _aNLR
_bЭ
_jПлИр995/3-4
_mЭ029921
852 0 0 _aNLR
_bЭ
_jПлИр995/3-4
_mЭ029922
856 0 _uhttp://vivaldi.nlr.ru/la000070066/view
856 1 _uhttp://vivaldi.nlr.ru/la000070066/cover
856 2 _uhttp://vivaldi.nlr.ru/la000070066/text
942 _cVISUAL
945 _aРоссийская национальная библиотека
980 _aNB
980 _aBV
981 3 7 _a(37) Ленинград в Великой Отечественной войне
981 1 7 _a(17) Изографические материалы
_b(17) Плакаты